| 000 | 00871nas a2200289 4500 | ||
|---|---|---|---|
| 001 | BR0601918 | ||
| 003 | BR-BrBNA | ||
| 005 | 20231205110001.0 | ||
| 007 | ta | ||
| 008 | 230509b bl.|||p| |||| 00| 00por d | ||
| 040 |
_aBR-BrBNA _bpor _cBiblioteca Nacional de Agricultura |
||
| 041 | _a(En) | ||
| 072 | _aL70 | ||
| 100 | 1 | _aFerraz, G. de C. | |
| 100 | 1 | _aTeixeira-Neto, A.R. | |
| 100 | 1 | _aD'Angelis, F.H. de F. | |
| 100 | 1 | _aLacerda-Neto, J.C. de | |
| 100 | 1 | _aQueiroz-Neto, A. de | |
| 245 | 1 | _aLong-term creatine supplementation improves the aerobic capacity of horses | |
| 650 | _aEQÜINO | ||
| 650 | _aADESTRAMENTO | ||
| 650 | _aHEMATOLOGIA | ||
| 650 | _aCOMPORTAMENTO ANIMAL | ||
| 773 | 0 |
_tCiência Rural (Brazil) _xISSN 0103-8478 _g(Mar-Apr 2006), v. 36(2) p. 514-519 _wBR0601918 |
|
| 909 |
_a202311 _bLúcia _c55 _dLúcia Elande |
||
| 942 |
_2AGRIS _n0 _cANA |
||
| 999 |
_c185680 _d185680 |
||